000 00395nam a2200133Ia 4500
008 151001s9999||||xx |||||||||||||| ||und||
100 _aबा भ बोरकर
245 _aमावळता चंद्र
250 _a3
260 _bबांदोडकर पब्लिशिंग कंपनी मुंबई
260 _c1986
300 _a140
365 _b18
999 _c965229
_d965226